Quizzes
Events
Quiz Creation
Community
Videos
Private Events
Remove Ads
Sign In
Join for FREE
Feedback
Dark Mode
Quiz Categories
Sports
Geography
Music
Movies
Television
Just For Fun
Miscellaneous
History
Literature
Language
Science
Gaming
Entertainment
Religion
Holiday
For Kids
Quiz Lab
Recent
Popular Today
Quiz Kudos Today
Editor Picks
Curator Picks
Quizzes by...
Day
Popularity
Type
Ratings
Length
Year
Community
Subscriptions
Recent Discussions
Orange Saloon
Badges
Playlists
Quests
Create
Leaderboards
Showdown
Live 5
Trivia Bingo
Activity
Puzzle Library
Sporcle Events
Private Events
Virtual Trivia
Globe League
Become a Host
Pub Owners
SporcleCon
Opinionation
Our Games
Videos
Blog
Mobile Apps
Partnerships
Remove Ads and Go Orange
Feedback
Sports
Athletes
MLB
NBA
NHL
NFL
Soccer
Sports Teams
WWE
NCAA
Football
Premier League
Basketball
Baseball
Hockey
Golf
Tennis
Cricket
Rugby
Auto Racing
Olympics
World Cup
Sports
Athletes
MLB
NBA
NHL
NFL
Soccer
Sports Teams
WWE
NCAA
Football
Premier League
Basketball
Baseball
Hockey
Golf
Tennis
Cricket
Rugby
Auto Racing
Olympics
World Cup
Random Quiz
Search Sporcle
×
Quiz Lab
Quiz Lab
Sports
Baseball
Type in answers that appear in a list
Type in answers that appear in a list
Classic
Best Score? Go Orange.
(MLB) Strikeout Supernovas Stats
Can you name the pitchers to strike out 900 batters in a five year span without ending up with 2500 career strikeouts?
By
ebessankamen
9m
40 Questions
147 Plays
147 Plays
147 Plays
Comments
Comments
Give Quiz Kudos
Give Quiz Kudos
-
- Ratings
hide this ad
More Info
Replay
Link that replays current quiz
Next Quiz
Link to next quiz in quiz playlist
You Got
0%
They Got
Avg Score
59%
Avg Friend Score
Upgrade to see
Score Distribution
Jump to the score distribution portion of the page
Score
0/40
Timer
09:00
0
Plays Today
Strikeouts
Player
% Correct
1444
Sandy Koufax
94.6%
1067
Dwight Gooden
93.2%
1058
Kevin Brown
86.4%
1000
Jason Schmidt
80.3%
1220
J.R. Richard
78.9%
1153
Don Drysdale
78.2%
1078
Fernando Valenzuela
76.9%
1082
Juan Marichal
75.5%
1002
Jack Morris
75.5%
1038
Mike Scott
75.5%
933
Vida Blue
72.8%
1006
Denny McLain
72.1%
974
Frank Viola
72.1%
1172
Mark Langston
71.4%
1348
Sam McDowell
70.1%
1031
Hideo Nomo
69.4%
970
Dizzy Dean
68%
911
Wilbur Wood
66%
919
Kevin Appier
62.6%
905
Sid Fernandez
61.9%
Strikeouts
Player
% Correct
997
Hal Newhouser
61.9%
913
Jerry Koosman
59.2%
1066
Mario Soto
57.1%
1036
Pete Alexander
55.1%
930
Lefty Grove
53.1%
1007
Dazzy Vance
51.7%
1366
Rube Waddell
51%
1005
Dean Chance
50.3%
909
Mike Witt
45.6%
1115
Ed Walsh
41.5%
1092
Jim Maloney
40.8%
966
Chan Ho Park
40.1%
937
Shane Reynolds
38.8%
1105
Bob Veale
36.7%
985
Camilo Pascual
35.4%
932
Andy Messersmith
34.7%
962
Sam Jones
29.9%
939
Chris Short
29.9%
923
Bobo Newsom
26.5%
994
Joe Coleman
25.9%
Quiz Playlist
Details
Report
Send in Message
Add To Playlist
More Info:
Only their best five years are counted.
Classic:
Type in answers that appear in a list
Last Updated: Feb 16, 2017
Quiz Scoreboard
CHALLENGE
Sign Up to Join the Scoreboard
Show All
Scores
Hide
Comments
May contain spoilers
Recently Published
Pick 6: Fruits
by JohnFran
Miscellaneous
15s
Click the 1999 NBA Draft
by nibperrychub
Sports
2m
Alphabetical 'K' Countries by Flag Minefield
by ylime102
Geography
3m
More to Explore
Quiz From the Vault
Featured Blog Post
15 Basketball Trivia Facts You Can Be March Mad About
hide this ad
You Might Also Like...
Tags
Baseball Quiz
MLB Quiz
2500
900
Batter
Career
Ending
Five
Pitchers
Player
strike
strikeouts
team
Today's Top Quizzes in Sports
Browse Sports
hide this ad
Today's Top Quizzes in Baseball
Browse Baseball
Top Contributed Quizzes in Sports
1
Les joueurs à 100 buts en Ligue 1 Uber Eats
2
Pick 6: NFL Teams
3
MLB 2 truths and a lie: Hall of Fame pitchers
4
2022 World Cup Stars
5
Criteria MLB: Left Handed Sluggers
6
Millionaire: NBA Finals Edition
7
Pick 6: Minor League Baseball
8
Click the 1998 NBA Draft
9
Don't Strike Out: 3000 Strikeouts
10
Pick 6: Olympics
Explore More
Trending Topics
Anime
Crossword
Marvel
Disney
Harry Potter
NBA
Kpop
Puzzle
Soccer
Country
NFL
The Office
Pokémon
Song
WWE
hide this ad
More By:
ebessankamen
Quiz
Plays
Rating
Category
Featured
Created
Colorado Rockies 25+ HRs Single Season
15,145
4.52
Sports
Feb 28, 2010
Home Run Leader By Year of Birth
13,559
4.48
Sports
Jan 7, 2010
Sub-3.00 ERA Pitchers of the 2000s
11,994
4.55
Sports
Dec 19, 2009
Cycling Quotient Year-End Top Ten Rankings
9,733
4.81
Sports
Jun 12, 2012
Top 25 in Home Runs: '01-'10
8,891
4.29
Sports
Oct 14, 2010
Go to Creator's Profile
Score Distribution
Quiz Creator Spotlight
ebessankamen
Follow
Send a Message
Quizzes Created
-
Created Quiz Play Count
-
More By This Creator
Popular Quizzes Today
1
Countries of Asia Without Outlines Minefield
2
Find the US States - No Outlines Minefield
3
Pick 6: Fruits
4
Alphabetical 'K' Countries by Flag Minefield
5
The Countries of the World
6
Find the US States
7
US States
8
Match the Book to the Film X
More Sports Quizzes
Premier League Teams Templates
Published
Trending Quizzes
Pick 6: Mountains
Pick 6: Harry Potter
Pick 6: NFL Teams
Pick 6: Movie Franchises
Pick 6: Flags
Recently Updated
NWSL Teams
pecheneg
Women's Final Four Teams by Year
bhenderson79
Presidents Quartet II
eogle
Anything But Clue(do)
eogle
Anything But Oceanian Capitals
eogle
Anything But 7
eogle
Anything But Thing
eogle
Word Ladder: February 29
pecheneg
Song Title Questions
pecheneg
Women's NCAA Tournament #1 Seeds
pecheneg
Trending Topics
Disney
Crossword
NBA
Harry Potter
Anime
Kpop
Marvel
WWE
Country
Song
Pokémon
NFL
Soccer
Puzzle
The Office
Your Account Isn't Verified!
In order to create a playlist on Sporcle, you need to verify the email address you used during registration. Go to your
Sporcle Settings
to finish the process.
Report this User
Report this user for behavior that violates our
Community Guidelines
.
Details:
Send Report
Go to the Sporcle.com Mobile Site →
Comments